000 01224nam a22003254a 4500
001 ebr10285275
003 CaPaEBR
006 m u
007 cr cn|||||||||
008 061215s2008 caua sb 001 0 eng
010 _z 2006940458
020 _z9780761971788 (cased)
020 _z9780761971795 (paper)
040 _aCaPaEBR
_cCaPaEBR
035 _a(OCoLC)646806919
050 1 4 _aHF5415
_b.M67 2008eb
082 0 4 _a658.8
_222
100 1 _aMoutinho, Luiz.
245 1 0 _aProblems in marketing
_h[electronic resource] :
_bapplying key concepts and techniques /
_cLuiz Moutinho & Charles Chien.
250 _a2nd ed.
260 _aLos Angeles :
_bSage Publications,
_c2008.
300 _axiii, 322 p. :
_bill.
504 _aIncludes bibliographical references and index.
533 _aElectronic reproduction.
_bPalo Alto, Calif. :
_cebrary,
_d2013.
_nAvailable via World Wide Web.
_nAccess may be limited to ebrary affiliated libraries.
650 0 _aMarketing.
655 7 _aElectronic books.
_2local
700 1 _aChien, Charles S.
710 2 _aebrary, Inc.
856 4 0 _uhttp://site.ebrary.com/lib/rucke/Doc?id=10285275
_zAn electronic book accessible through the World Wide Web; click to view
999 _c16890
_d16890